[Event "Turnier 40 / 120"]
[Site "Wien"]
[Date "2023.10.08"]
[Round "7"]
[White "Novag Star Diamond – 25 MHZ"]
[Black "Mephisto Magellan – 20 MHZ"]
[Result "1-0"]
[BlackElo "2233"]
[WhiteElo "2161"]

{Analyse ----> Stockfish 16} 1. e4 e5 2. Nf3 Nc6 3. Bb5 a6 4. Ba4 d6 5. c3
Bd7 6. d4 g6 7. O-O Bg7 {Buchende} 8. d5 Nce7 {Buchbewertung Mephisto
Magellan: -0,3} 9. Bxd7+ Qxd7 10. c4 {Buchende} Nf6 {Star Diamond hatte
noch den etwas besseren Zug 10. h6 im Buch} 11. Nc3 {Buchbewertung Novag
Star Diamond: +0,73 / lt. Stockfish steht Weiss etwas besser mit ca. +0,40}
O-O 12. Bg5 Ng4? {völliger Blödsinn wird doch sofort vertrieben, deutlich
besser ist natürlich h6, Stockfish -0,80} 13. h3 {na klar was denn sonst
fragt man sich das sieht ja alternativlos aus, aber nicht für Magellan, der
erwartete den deutlich schlechteren Zug b4 ??, danach wäre die Stellung im
Lot} f6??? {Magellan: -0,2 ??? / ein absoluter Verlustzug, danach ist alles
aus, Stockfish -3,20, der Springer musste retour nach f6 mit ca. -0,80,}
14. hxg4 {Star Diamond sieht sofort den klaren Vorteil: Bewertung: +1,50}
fxg5 {Magellan: -0,6} 15. Nxg5 b5 16. Ne6 Rfb8 17. c5 dxc5 {Magellan: -0,4
????, verbessert sich noch um das doppelte, obwohl Star Diamond den
optimalen Zug macht, Stockfish -3,80} 18. Nxc5 Qd6 19. Ne6 b4 20. Ne2?
{deutlich schwächer als Sa4, ändert aber auch nichts an der klaren
Gewinnstellung von Weiss, Stockfish +2,50 (büsst aber ca. 1 Bauerneinheit
ein)} c6 21. Nxg7 {etwas besser ist f4, Stockfish +2,20} Kxg7 22. dxc6 Qxc6
23. Ng3 {nicht optimal, stärker ist 23.Tc1, danach geht 23.Dxe4 ?? nicht,
wegen 24. Tc7 !! und danach wäre bereits alles aus, aber gut das muss man
auch erst mal sehen, dass man den Bauern e4 stehen lassen kann, dennoch
steht Weiss immer noch auf Gewinn, Stockfish +1,90} Qe6 24. Qe2? {ein
schlechter Zug, der den Vorteil von Weiss nahezu halbiert, Stockfish +1,10,
deutlich besser ist immer noch Tc1} a5? {ein schlechter Zug, deutlich zu
bevorzugen ist Sc6, Stockfish -1,80} 25. Rfd1 a4 {besser ist Tb7, Stockfish
-2,00} 26. Rac1! {das ist stark gespielt, der Bauer a2 darf auf keinen Fall
genommen werden, danach ist bereits alles aus für Schwarz und da kann man
wetten drauf, dass Magellan in diese Falle tappt.} Qxa2??? {na klar, war
leider zu erwarten muss man sagen, hier ist alles verloren, Stockfish
-3,50, nötig war natürlich Tb7, man darf den weissen Turm nicht auf die 7.
Reihe lassen, fairerweise sei noch dazu gesagt, auch Star Diamond schlug
26. Dxa2 ?? vor und erwartet praktisch, dass sein Gegner in die Falle
tappt.} 27. Rc7 Qe6?? {und nochmals ein Katastrophenzug, der den Nachteil
von Schwarz sofort verdoppelt, Stockfish -7,00, deutlich mehr Widerstand
leistet noch Te8 ist aber mit -3,50 ebenfalls schon hoffnungslos} 28. Rdd7?
{das sollte man eigentlich nicht als schlechten Zug benennen, da es die
Partie ja haushoch gewinnt, vergebe hier trotzdem das standardmässige
Fragezeichen, da dieser Zug ca. 2 Bauerneinheiten einbüsst, Stockfish
+5,00, deutlich stärker ist noch Sf5+, aber hier ist es schon egal} Re8 29.
Qd2 Ra6 30. Qxb4 Kf8 31. Qd2 Rb6 32. Qh6+ Kg8 33. Nf5 gxf5 34. Qxe6+ Rxe6
35. gxf5 Rb6 36. f6? {ein schlechter Zug, der den Vorteil von Weiss nahezu
halbiert, dennoch gewinnt auch das klar die Partie, Stockfish +4,00,
deutlich schneller gewinnt aber Txe7 mit +7,00} Rxf6 {mehr Widerstand
leistet noch Txb2, aber hilft natürlich auch nichts mehr, Stockfish -6,00}
37. Rxe7 Rxe7 38. Rxe7 Rb6 39. Ra7 {besser ist Txe5, aber auch diese
Fortsetzung gewinnt natürlich leicht, Stockfish +5,50} Rb4 40. f3 Rxb2 41.
Rxa4 Kf7 42. Ra7+ Kg6 43. Re7 Rb5 {lt. Stockfish ist das natürlich
hoffnungslos verloren für Schwarz, -8,00 aber ein Oldie muss es schon noch
beweisen rein materiell hat er ja momentan nur einen Mehrbauern, trotzdem
bei dieser Stellung sollte das kein Problem mehr sein.} 44. Kh2 h6 45.
g3??? {das darf doch einfach nicht wahr sein, als ob ich es mit meinem
vorigen Kommentar verschrien hätte, dieser Katastrophenzug verschenkt
bereits den Sieg, danach ist die Partie bereits Remis, Stockfish 0,00 !!
(schenkt die ganzen 8 Bauerneinheiten !! ab), gewonnen hätte Te6+, Kh5, Kg3
und das ist es dann} Kf6??? {aber Magellan kann nichts draus machen und
verschenkt das mögliche Remis sofort wieder, nötig war Tb2+, Stockfish
-5,00} 46. Re8 Rb3 {mehr Widerstand leistet noch Kg7, Stockfish -7,00} 47.
Kg2 Rb2+ 48. Kh3 Rb1 49. Rf8+ Kg6 50. Rf5 Rh1+ 51. Kg2 Rh5??? {schon
wurscht, aber das ist natürlich Selbstmord, Stockfish Matt in 22} 52. Rxh5
Kxh5 53. f4 {Rest geschenkt / eine Horrorpartie von Magellan, die man nur
noch als Blamage bezeichnen kann} 1-0
[/pgn]
[pgn]

[Event "Turnier 40 / 120"]
[Site "Wien"]
[Date "2023.10.09"]
[Round "8"]
[White "Mephisto Magellan – 20 MHZ"]
[Black "Novag Star Diamond – 25 MHZ"]
[Result "1-0"]
[BlackElo "2161"]
[WhiteElo "2233"]

{Analyse ------> Stockfish 16} 1. d4 {Buchende !!} b5 {Star Diamond
überrascht seinen Gegner mit der "Polnischen Verteidigung", die er
überhaupt nicht kennt, Magellan muss mit nur einem Buchzug auskommen,
originell aber lt. Stockfish ist das keine gute Idee, denn hier ist Weiss
bereits mit ca. +1,00 im Vorteil} 2. e4 {Buchbewertung Mephisto Magellan:
+0,4} Bb7 3. Bxb5 {meiner Meinung nach ein schlechter Zug, ich würde
niemals einen so starken Zentrumsbauern für den abseits stehenden Bauern
hergeben, komischerweise ist das für Star Diamond noch Theorie, aber besser
ist klarerweise Sd2, aber gut lt. Stockfish 16 auch nur um ca. 0,3
Bauerneinheiten, Stockfish +0,70} Bxe4 4. Nf3 e6 5. O-O Nf6 {Buchende} 6.
Bg5 {weniger gut, Star Diamond hatte noch den deutlich besseren Zug 6. c4
im Buch, Stockfish +0,50} c6! {Buchbewertung Novag Star Diamond: +0,19 /
der beste Zug lt. Stockfish / lt. Stockfish steht Weiss etwas besser mit
ca. +0,50} 7. Be2 Qb6 {nicht optimal, da gibt es mehrere deutlich bessere
Züge, z.B. Le7, h6 oder Lxf3, Stockfish -0,80} 8. b3 d5 9. Bxf6?? {das ist
natürlich ganz schwach, hier die G-Linie zum Angriff für den Gegner zu
öffnen ist ein viel zu hoher Preis für den Doppelbauern, danach ist
jeglicher Vorteil dahin, Stockfish 0,00, weit besser ist natürlich einfach
9. c4 mit ca. +0,70} gxf6 10. c4 Bb4? {ein schlechter Zug, danach ist Weiss
wieder im Vorteil, Stockfish -0,80, deutlich besser ist Sd7 mit Ausgleich}
11. a3 Qa5?? {ein Verlustzug, Stockfish -2,00, nötig war Lf8} 12. Nbd2? {so
aber nicht, halbiert den Vorteil von Weiss, Stockfish +1,00, deutlich
stärker ist 12.c5} Bc3? {ein schlechter Zug, Stockfish -1,70, deutlich
stärker ist Le7} 13. b4 Qb6 {auch nicht ideal, besser ist Dd8, nach dem
Textzug ist die Partie praktisch schon verloren, Stockfish -2,10} 14. Ra2?
{ein schwacher Zug, Stockfish +1,50, deutlich stärker ist Tc1, aber gut das
muss man natürlich auch erst mal sehen, für einen Oldie benötigt es dafür
einfach eine unerreichbare Rechentiefe, denn nach Tc1, geht Lb2 ??
überhaupt nicht, danach wäre Schwarz bereits verloren, aber natürlich
bekommt er im ersten Moment die Qualität, denn der Tc1 hat dann kein Feld
mehr, aber es kommt dann zu Verwicklungen, die ungünstig für Schwarz sind,
nach Lb2, cxd5,,,... usw., aber der klare Vorteil ist erst nach 15 HZ zu
sehen, unmöglich} a5 {klar schwächer als Lxd2, Stockfish -2,20} 15. c5!
{Magellan: +0,9 / richtig} Qc7 {Star Diamond: +0,03 ?, durchschaut diese
Stellung überhaupt nicht und sieht hier keinen Grund zur Sorge, besser ist
noch Db7, Stockfish -3,00} 16. b5! {richtig, Magellan: +1,2} Qf4? {Star
Diamond: -0,26 / nochmals ganz schlecht, deutlich besser ist noch cxb5 mit
ca. -3,00 / Stockfish -4,50} 17. Nxe4 {Magellan: +1,7, etwas besser ist g3,
Stockfish +4,00} dxe4 {Star Diamond sieht immer noch keinen Grund zur
Sorge: -0,23} 18. Ne1? {ein ganz schlechter Zug, der den Vorteil von Weiss
nahezu halbiert, Stockfish +2,40, nötig war 18. g3} O-O {besser ist f5,
Stockfish -3,00} 19. b6! {richtig} Nd7 20. Rc2 Bxe1 21. Qxe1 Kh8 22. Qc3!
Rg8 23. Rb1 Rg5 24. b7 {besser ist g3, Stockfish +3,00} Rag8 25. g3 {besser
ist Lf1, Stockfish +2,50} Nb8 {besser ist Dc7, Stockfish -3,20} 26. Bf1 Rd8
27. Bg2 Qg4 28. Rd2 {klar schwächer als h3, aber völlig ausreichend,
Stockfish +3,40} Rgd5 29. Rbb2? {ein schwacher Zug, deutlich stärker ist
entweder Te1 oder f3, Stockfish +2,70} f5 30. f3 Qg7 31. Qxa5??? {ein
grottenschlechter Zug, der bereits den Sieg gefährdet und den Vorteil
halbiert, Stockfish +1,50, völlig unverständlich warum nicht fxe4 ?? mit
ca. +3,00} e3! {na das war ja klar, überrascht aber Magellan, der hätte mit
dem weit schwächeren Dg5 gerechnet} 32. Rd3 f4 33. gxf4 Qf6? {ein ganz
schlechter Zug, der den Nachteil von Schwarz verdoppelt, danach ist die
Partie bereits klar verloren, Stockfish -3,00, nötig war T8d7} 34. Qc3 Qxf4
35. Re2??? {ein idiotischer Zug, der den Grossteil des Vorteiles verspielt,
warum um Gottes willen nicht einfach Txe3 ?? und Weiss ist bereits der
sichere Sieger mit ca. +3,50, nach diesem Horrorzug ist Weiss nur noch
knapp mit ca. +0,60 im Vorteil} R8d7 36. Rdxe3??? {und nach dem nächsten
Trottelzug ist der gesamte Vorteil im Eimer, die Stellung ist im Lot, warum
nicht Db2, den weit vorgerückten Freibauern muss man selbstverständlich
verteidigen, also was hier geliefert wird ist einfach nur mehr
LETZTKLASSIG} Rxb7 37. Re4 Qf6 38. Rb2 Rxb2 39. Qxb2 Nd7 40. Qf2 e5 41. Qg3
Rxd4 42. Rxd4 exd4 43. Qd6 Qf5! {auf gar keinen Fall der von Magellan
vorgeschlagene Zug, Dxd6, danach wäre die Partie sofort verloren, hier
wollte er wohl den Gegner auf das Glatteis führen} 44. Qxd4+ f6 45. a4
Nxc5?? {ein Verlustzug, Stockfish -3,50, nötig war Se5 mit nur minimalem
Vorteil für Weiss mit ca. -0,30} 46. a5 Kg7? {beschleunigt den Verlust,
Stockfish -4,30, deutlich besser ist noch Se6} 47. a6 Qb1+ 48. Bf1 Qb6
{etwas besser ist sogar noch Sxa6, Stockfish -6,00 / aber Vorsicht für
einen Oldie ist das noch nicht erledigt, die sehen das natürlich noch nicht
so dramatisch verloren. / Star Diamond: -1,15} 49. Kh1 {Magellan sieht sich
überhaupt nur mit +0,5 im Vorteil} Kf7 {hier stürzt Star Diamond ab in
seiner Bewertung: -2,42} 50. Qg4 {Mephisto Magellan: +1,8 / besser ist De3,
aber natürlich gewinnt auch das leicht, Stockfish +5,40} f5? {weit besser
ist noch Kf8, es spielt aber keine Rolle mehr, Stockfish -35,00} 51. Bc4+
{Magellan: +4,9} Kf6 {Star Diamond: -6,65} 52. Qd4+ Kg6 {Novag Star
Diamond: -7,23 -----> aufgegeben} 1-0
[/pgn]
[pgn]

[Event "Turnier 40 / 120"]
[Site "Wien"]
[Date "2023.10.09"]
[Round "9"]
[White "Novag Star Diamond – 25 MHZ"]
[Black "Mephisto Magellan – 20 MHZ"]
[Result "1/2-1/2"]
[BlackElo "2233"]
[WhiteElo "2161"]

{Analyse -----> Stockfish 16} 1. e4 c6 2. d4 d5 3. exd5 cxd5 4. c4 Nf6 5.
Nc3 e6 6. Nf3 Be7 7. cxd5 Nxd5 8. Bd3 Nc6 9. O-O O-O 10. Re1 Bf6 11. Be4
Nce7 12. Ne5 g6? {bei diesem Buchzug muss man die Frage nach einen
Buchfehler stellen, büsst eine ganze Bauerneinheit ein gegenüber Ld7} 13.
Bh6 {auch dieser Buchzug ist nicht optimal und halbiert den Vorteil von
Weiss, nach h4 wäre Weiss bereits mit ca. +1,00 im Vorteil gewesen, nach
dem Textzug nur mit ca. +0,50} Re8??? {Buchbewertung Mephisto Magellan:
-0,4 / ein Verlustzug, der allererste berechnete Zug von Magellan verliert
bereits klar die Partie, Stockfish -3,50, nötig war Lg7} 14. Qf3! {der
richtige Zug und Star Diamond erkennt auch schon klaren Vorteil,
Buchbewertung: +1,11 / Stockfish +3,50} Bxe5 15. dxe5 Nxc3 16. Qxc3? {klar
die falsche Schlagoption, die eine ganze Bauerneinheit einbüsst gegenüber
bxc3, Stockfish +2,50} Nd5 17. Qd2 Nb6? {weit schwächer als De7, Stockfish
-3,30} 18. Rad1??? {ein Horrorzug, der nur Schwarz hilft, damit gibt Weiss
seinen Haupttrumpf aus der Hand, hier droht ja immer wieder mal die Dame
nach g7 mit einer Mattdrohung zu kommen angesichts der schwachen
Königsstellung von Schwarz hier den Damentausch zuzulassen befreit Schwarz
praktisch von allen Sorgen, büsst ganze 3 Bauerneinheiten ein, danach ist
Weiss nur noch knapp mit ca. +0,70 im Vorteil, nach 18. Ld3 !! hätte
Schwarz schon seine sieben Sachen packen können.} Qxd2 19. Bxd2 Nd5 20. Bg5
b6? {ein schlechter Zug, danach steht Weiss klar besser, Stockfish -1,20,
deutlich besser ist Ld7, mit nur ca. -0,50} 21. Bxd5? {ein schlechter Zug,
Weiss sollte nicht das starke 
Läuferpaar für einen Bauerngewinn aufgeben,
noch dazu da jetzt ungleiche 
Läufer auf dem Brett sind, das erschwert
jedenfalls den Gewinn, Stockfish +0,40, deutlich besser ist h4, noch dazu
ist der Bauerngewinn sehr 
kurzsichtig, da nach Txd5, Le6, Td6, Lxa2 ja
der A-Bauer verloren geht und 
es sofort wieder zu materiellem Gleichstand
kommt} exd5 22. Rxd5 Be6 23. Rd4 Bxa2 24. Rd7 a5 25. h4 {die Stellung ist
im Lot, Stockfish 0,00} Be6 26. Rc7 Rac8 27. Rec1 b5 28. f4 h5 29. Bf6 Rxc7
30. Rxc7 Rc8 31. Rb7 Bc4 32. Kf2 b4 33. g3 Ba6 34. Ra7 Bc4 35. Rxa5 Be6
{der Mehrbauer von Weiss ist nichts Wert, da alle gegnerischen Bauern auf
weissen Feldern stehen und immer vom Läufer gedeckt bleiben und auch ein
Vormarsch am Königsflügel nicht möglich ist, da alle weissen Felder vom
Läufer blockiert werden, diese Stellung bietet somit keinerlei
Angriffspunkte mehr, Userentscheid: Remis} 1/2-1/2
[/pgn]
[pgn]

[Event "Turnier 40 / 120"]
[Site "Wien"]
[Date "2023.10.10"]
[Round "10"]
[White "Mephisto Magellan – 20 MHZ"]
[Black "Novag Star Diamond – 25 MHZ"]
[Result "1-0"]
[BlackElo "2161"]
[WhiteElo "2233"]

{Analyse ----> Stockfish 16} 1. e4 e5 2. Nf3 Nc6 3. Bc4 Bc5 4. d3 Nf6 5.
Nc3 d6 6. Bg5 {Buchende} Na5 7. Bb3 {Buchbewertung Mephisto Magellan: 0,0}
c6 8. O-O h6 {Buchende} 9. Bxf6 Qxf6 {Buchbewertung Novag Star Diamond:
sieht sich hier klar im Vorteil +1,00 / lt. Stockfish ist die Stellung etwa
gleich} 10. Na4 {besser ist La4, Stockfish -0,50} Nxb3 {besser ist Lg4,
Stockfish 0,00} 11. axb3 O-O 12. Nxc5 dxc5 13. Qe1 Bg4 14. Nd2 Rfd8 15. Nc4
b5 16. Ne3 Bc8 17. b4 Qd6 18. bxc5 Qxc5 19. Qa5 Be6 20. Rfd1 Qd4 21. c3 Qc5
22. Rd2 Rd7 23. Nc2 Qe7 24. Qa6 Rd6 25. d4 Qg5 26. Rd3 Qf4 27. Qb7 Rad8 28.
Re3 Bb3 29. Ne1 exd4 30. cxd4 Bc4? {ein schlechter Zug, Stockfish -1,60,
deutlich besser ist Le6 mit nur ca. -0,30} 31. b3? {ganz schlecht,
verspielt nahezu den gesamten Vorteil, Stockfish +0,20, nötig war Sf3} Be6
32. Nf3 R8d7? {ein schlechter Zug, der falsche Turm, richtig ist T6d7,
Stockfish -1,60} 33. Qb8+ {nicht optimal, besser ist Da6, Stockfish +1,00}
Rd8 34. Qxa7 f5?? {ein Verlustzug, Stockfish -3,00, nötig war Lg4 mit nur
ca. -0,80} 35. e5 R6d7 36. Qc5 Qg4 37. h3 Qh5 38. Qxc6 Bd5 39. Qxb5 f4 40.
Rc3 Bxf3 41. Rxf3 Rxd4 42. Re1 R8d5 43. Qb8+ Rd8 44. Qc7 Qf5 45. Rc3
{besser ist e6, aber gewinnt natürlich auch, Stockfish +4,00} Qe6 46. Qc6
Qe7 47. Rc4 R4d5 48. Rce4 f3 49. gxf3 {besser ist g3} Kh8 50. Kg2 Rd2 51.
b4 Rb2 52. Qc5 {deutlich schwächer als e6, reicht aber natürlich auch zum
Gewinn, Stockfish +3,70} Qg5+ {mehr Widerstand leistet noch Dxc5, rettet
aber auch nichts mehr, Stockfish -4,80} 53. Rg4 Qd2 54. Ree4 Rc2 55. Qb6
Rd7 {besser ist noch Tg8 mit ca. -6,00, Stockfish -32,00} 56. e6 Re7 57.
Re5??? {ein Horrorzug obwohl er die Partie klar gewinnt, der unglaubliche
26 Bauerneinheiten !!! verspielt, aber selbst das ist hier schon egal,
Stockfish +6,00, sofort gewonnen hätte Tef4} Rc1 58. Qd4 {auch nicht ideal,
aber durchaus verständlich dass Weiss mit den 2 Mehrbauern einfach die Dame
tauschen will, besser ist Tc5, aber hier gewinnt natürlich schon jede
halbwegs plausible Fortsetzung, Stockfish +5,70} Qd1 59. Qxd1 Rxd1 60. f4
Kg8 61. f5 Kh7 62. b5 Rd6 63. Kg3 Rd3+ 64. f3 Rd6 65. Ra4 h5 66. Rb4 Rb6
67. Kh4 Kg8 68. Kxh5 Kf8 {Stockfish Matt in 18} 69. Rd4 Ke8 70. Red5 Rb8
71. Kg6 Reb7 72. Rh4 Ke7 73. Kxg7 Rc7 {Novag Star Diamond: -10,84 ---->
aufgegeben / Matt in 11} 1-0
[/pgn]
[pgn]

[Event "Turnier 40 / 120"]
[Site "Wien"]
[Date "2023.10.10"]
[Round "11"]
[White "Novag Star Diamond – 25 MHZ"]
[Black "Mephisto Magellan – 20 MHZ"]
[Result "0-1"]
[BlackElo "2233"]
[WhiteElo "2161"]

{Analyse ----> Stockfish 16} 1. e4 c5 2. Nf3 d6 3. d4 cxd4 4. Nxd4 Nf6 5.
Nc3 a6 6. Bg5 e6 7. f4 Be7 8. Qf3 Qc7 9. O-O-O Nbd7 {Buchende} 10. g4 h6
{Buchbewertung Mephisto Magellan: -0,6} 11. Bxf6 Bxf6 12. h4 {Buchende} Qb6
13. Qe3 {Buchbewertung Novag Star Diamond: -0,69 / da ist er viel zu
pessimistisch lt. Stockfish steht Weiss etwas besser mit ca. +0,40} Qc5 14.
Rh3 {besser ist Dd3} e5! 15. Nf5 Qxe3+ 16. Rxe3 exf4 17. Rf3 Be5 18. Nxd6+
Bxd6 19. Rxd6 Ne5 20. Rxf4 g5 21. Rf2 Nxg4 22. Rfd2 Ke7 23. R6d4 Ne3 24.
Be2 Be6 25. Nd5+ Bxd5 26. exd5 Kd6 27. R2d3 Rhe8 {besser ist Sg2} 28. Bh5
{besser ist Kd2} Re7 29. hxg5 hxg5 30. Kd2?? {ein Verlustzug, Stockfish
-3,00, nötig war c4 mit nur geringem Vorteil für Schwarz mit ca. -0,50}
Nf1+ 31. Kc1 Rh8 {besser ist f5, Stockfish +2,20} 32. Rh3?? {ein ganz
schlechter Zug, der den Nachteil von Weiss verdoppelt, Stockfish -4,50,
deutlich mehr Widerstand leistet noch Tf3 mit ca. -2,20} f5! 33. Rd1 Re3!
{wieder der beste Zug, Stockfish +5,20} 34. Rf3 Rxf3 35. Bxf3 Ne3 36. Rd3
f4 37. c4 Nxc4 38. Rc3 Ne3 39. Rb3 g4 40. Be2 Rh2 41. Kd2 Nf5 42. Rb6+ Kxd5
43. Kd3 f3 44. Bd1 f2 45. Be2 g3 46. Rg6 Ke5 47. Bf1 {Novag Star Diamond:
-8,42 -----> aufgegeben !} 0-1
[/pgn]
[pgn]

[Event "Turnier 40 / 120"]
[Site "Wien"]
[Date "2023.10.11"]
[Round "12"]
[White "Mephisto Magellan – 20 MHZ"]
[Black "Novag Star Diamond – 25 MHZ"]
[Result "0-1"]
[BlackElo "2161"]
[WhiteElo "2233"]

{Analyse ----> Stockfish 16} 1. c4 c5 2. Nc3 Nc6 3. Nf3 Nf6 4. d4 cxd4 5.
Nxd4 e6 6. Ndb5 d5 7. Bf4 e5 8. cxd5 exf4 9. dxc6 bxc6 10. Qxd8+ Kxd8 11.
Rd1+ Bd7 12. Nd6 Bxd6 13. Rxd6 Rb8 {Buchende} 14. Rd2 {Buchende} Ke7
{Buchbewertung Novag Star Diamond: -0,34} 15. Rg1 {Buchbewertung Mephisto
Magellan: 0,0 / lt. Stockfish ist die Stellung etwa gleich} Rhd8 16. g3
fxg3 17. Rxg3 Nh5? {ein schwacher Zug, klar zu bevorzugen ist g6 mit
Ausgleich, Stockfish -0,80} 18. Rg5 g6 19. Ra5 Rb7 20. Ra4 {besser ist b3,
Stockfish +0,60} Ng7 21. Rad4 {weniger gut, besser ist e3, Stockfish +0,30}
Ne6 22. R4d3 {der Turm hätte zurück nach a4 sollen, um den Fehler zu
korrigieren, aber das geht natürlich nicht für Magellan, da
Stellungswiederholung und somit 0,00 aus seiner Sicht, nach dem Textzug ist
die Stellung im Lot, Stockfish 0,00} Nf4 23. Rf3 g5 24. e3 Ng6 25. Rg3 Ne5
26. Ne4 Bf5 27. Rxd8 Kxd8 28. Nxg5 Rxb2 29. f4 Rb1+ 30. Kf2 Ng4+ 31.
Rxg4??? {ein idiotischer Zug, das kann ja nur ein schlechter Witz sein,
danach kann man sich jeden weiteren Kommentar schenken, danach ist die
Partie natürlich sofort verloren, Stockfish -4,00, nötig natürlich einfach
Kg2 und es ist Remis, Kategorie: PROGRAMMFEHLER, hier beende ich die
weitere Kommentierung, dieser absolute Trottelzug ist mir dann kein
einziges Wort mehr Wert, einfach indiskutabel} Bxg4 32. Nxf7+ Kc7 33. Bd3
Rb2+ 34. Kg3 h5 35. Bc4 Bf5 36. Ne5 c5 37. h4 Be4 38. Nf3 Rc2 39. Bf7 Re2
40. Ng5 Bh1?? {Ld3 !} 41. e4??? {f5 !} Bxe4 42. Bxh5 Rg2+ 43. Kh3 Bd5 44.
Bg6 c4 45. h5 Rg1 46. Ne4??? {IDIOTIE !!!} Rxg6 {Userentscheid: 0-1 / eine
idiotische Partie von Magellan, hier schenkt er seinem Gegner einfach den
Sieg} 0-1
[/pgn]
[pgn]

[Event "Turnier 40 / 12"]
[Site "Wien"]
[Date "2022.12.10"]
[Round "13"]
[White "Novag Star Diamond H8 - 25 MHZ"]
[Black "Mephisto Magellan – 20 MHZ"]
[Result "1-0"]
[BlackElo "2233"]
[WhiteElo "2161"]

{Analyse ------> Stockfish 16} 1. d4 d5 2. c4 e6 3. Nc3 Nf6 4. Bg5 Nbd7 5.
e3 Be7 6. Nf3 O-O 7. Rc1 c6 8. Bd3 dxc4 9. Bxc4 Nd5 10. Bxe7 Qxe7 11. Ne4
e5 12. dxe5 Nxe5 13. Nxe5 {Buchende} Qxe5 14. Nc3 {Buchbewertung Novag Star
Diamond: 0,00 lt. Stockfish ist die Stellung etwa gleich} Be6 15. Qb3 {ein
Verlustzug, danach ist die Partie bereits verloren, Stockfish -2,30} Qf4???
{ein Programmfehler im Eröffnungsbuch, hier wird die falsch Figur gewählt,
statt dem Gewinnzug Sf4 !! wird hier das unglaubliche Df4 ??? gezogen, da
hat sich der Eingeber wohl einfach vertippt, ist ja unfassbar., danach
beende ich natürlich sofort die Partie, diesen Bullsthit braucht man nicht
mehr anzusehen, der Magellan bekommt hier überhaupt keine Chance ins Spiel
zu kommen und kann keinen einzigen Zug berechnen und verliert die Partie,
Userentscheid: 1-0} 1-0
[/pgn]
[pgn]